000 00346nam a22001457a 4500
008 210310b ||||| |||| 00| 0 eng d
020 _a9780781716550
041 _aeng
080 _27th
_a615.83
082 _27th
_a615.83
100 _a8
101 _aEGZ
245 _aPhysical Examination and History Talking
_cBickley,S.L
942 _2udc
_cBK
999 _c56239
_d56239